| 000 | 00959naa a2200265 c 4500 | ||
|---|---|---|---|
| 001 | 35349 | ||
| 003 | ES-MaCES | ||
| 005 | 20150724120102.0 | ||
| 008 | 050927n2005 sp t 000 | spa d | ||
| 035 | _aCES20050008367v | ||
| 040 |
_aES-MaCES _bspa _cES-MaCES |
||
| 100 | 1 |
_aCairós Barreto, Dulce María _98673 |
|
| 245 | 1 | 3 |
_aLa política europea de empleo y los planes nacionales de empleo _b: el Plan de Empleo del reino de España 2004-2005 _cDulce Mª Cairós Barreto |
| 650 | 4 |
_a2004-2005 _931718 |
|
| 650 | 4 |
_aEspaña _926964 |
|
| 650 | 4 |
_aEuropa _926940 |
|
| 650 | 4 |
_aempleo _928299 |
|
| 650 | 4 |
_apolítica comunitaria _930776 |
|
| 653 | 1 | 0 | _aRelaciones laborales-Empleo |
| 650 | 4 |
_928300 _apolítica de empleo |
|
| 773 | 0 |
_tTribuna social _gn. 176-177 (ag.- sept. 2005){10448 R. 062123}; p. 32- 44 _w(ES-MaCES)25455 _959530 |
|
| 902 | _aART Artículo de revista | ||
| 942 |
_2CES _cAR _h2.0. |
||
| 999 |
_c35349 _d35349 |
||